Central Library OPAC University of Rajshahi

The human use of the earth / (Record no. 21512)

MARC details
000 -LEADER
fixed length control field 00721cam a2200253 4500
001 - CONTROL NUMBER
control field 21512
003 - CONTROL NUMBER IDENTIFIER
rucl marc code BD-RjUL
005 - DATE AND TIME OF LATEST TRANSACTION
control field 20211209000708.0
008 - FIXED-LENGTH DATA ELEMENTS--GENERAL INFORMATION
fixed length control field 140304r19641960ilu 001 0 eng
035 ## - SYSTEM CONTROL NUMBER
System control number (BD-RjUL)21576
040 ## - CATALOGING SOURCE
Original cataloging agency DLC
Transcribing agency DLC
Modifying agency DLC
-- BD-RjUL
Language of cataloging eng
041 ## - LANGUAGE CODE
Language code of text/sound track or separate title eng
082 00 - DEWEY DECIMAL CLASSIFICATION NUMBER
Classification number 301.3
Author mark and year WAH 1964
100 1# - MAIN ENTRY--PERSONAL NAME
Personal name Wagner, Philip L.
Fuller form of name (Philip Laurence),
Dates associated with a name 1921-
9 (RLIN) 36719
245 14 - TITLE STATEMENT
Title The human use of the earth /
Statement of responsibility, etc. by Philip L wagner.
260 ## - PUBLICATION, DISTRIBUTION, ETC. (IMPRINT)
Place of publication, distribution, etc. Glencoe :
Name of publisher, distributor, etc. Free Press,
Date of publication, distribution, etc. 1960 [reprinted 1964].
300 ## - PHYSICAL DESCRIPTION
Pagination 270 p. ;
Size 22 cm.
504 ## - BIBLIOGRAPHY, ETC. NOTE
Bibliography, etc Includes index.
650 #0 - SUBJECT ADDED ENTRY--TOPICAL TERM
Topical term or geographic name as entry element Human ecology.
9 (RLIN) 66444
Topical term or geographic name as entry element Human geography.
9 (RLIN) 66445
942 ## - ADDED ENTRY ELEMENTS (KOHA)
Source of classification or shelving scheme Dewey Decimal Classification
Koha item type Books
Holdings
Lost status Source of classification or shelving scheme Damaged status Not for loan Collection code Permanent Location Current Location Shelving location Date acquired Source of acquisition Cost, normal purchase price Total Checkouts Full call number Date last seen Copy number Koha item type
  Dewey Decimal Classification     Non-fiction Central Library, University of Rajshahi Central Library, University of Rajshahi   30/11/1965 Zeitlinger 15.00   301.3 WAH 1964 04/03/2014 C-4 Books
  Dewey Decimal Classification     Non-fiction Central Library, University of Rajshahi Central Library, University of Rajshahi   20/06/1963 Zeitlinger 45.00   301.3 WAH 1960 12/03/2014 C-2 Books